000 00678nam a22002412 4500
001 11068
003 BD-RjUL
005 20211208235050.0
008 140126t1953 nyua 001 0 eng
035 _a(BD-RjUL)11117
040 _aDLC
_cFQG
_dUKM
_dEQO
_beng
041 _aeng
082 0 4 _a664.2
_216
_bBRS 1953
100 1 _aBrautlecht, Charles Andrew,
_d1881-
_934206
245 0 0 _aStarch :
_bits sources, production, and uses /
260 _aNew York :
_bReinhold,
_cc1953
300 _a408 p. :
_billus. ;
_c24 cm.
504 _aIncludes bibliographical reference and index.
650 0 _aStarch.
_933411
942 _2ddc
_cBK
999 _c11068
_d11068